000 01342pab a2200181 454500
008 180718b2002 xxu||||| |||| 00| 0 eng d
100 _aOutshoorn, Joyce
245 _aGendering the "graying" of society" a discourse analysis of the care gap
260 _c2002
300 _ap.185-95.
362 _aMar-Apr
520 _aThis article analyzes to what extent the "care-gap" -that is, too few carers looking after increasing numbers of the elderly-has become part of the problem definition of the demographic shift in the Netherlands in reports of the major scientific policy advisor to the government. Do these reports still assume a gender order in which women are informal carers and men are breadwinners? What notions about gender are circulating, and is the gender order challenged by policy recommendations? With a framework for gender-discourse analysis, the author shows that, despite increasing awareness of the care gap, the problem definition remains framed as the costs of collective provision of health care and pensions. Recommendations still assume that women will continue to provide informal care while they also enter the labor market to maintain collective provisions. - Reproduced.
650 _aOld age
650 _aElderly
650 _aHealth services
773 _aPublic Administration Review
909 _a53061
999 _c53061
_d53061